| 000 | 00824nam a22002297a 4500 | ||
|---|---|---|---|
| 999 |
_c2725 _d2725 |
||
| 003 | AR-CdUCM | ||
| 008 | 190305b ||||| |||| 00| 0 spa d | ||
| 020 | _a9972-42-363-8 | ||
| 040 |
_aMUNICIPALIDAD PROVINCIAL DEL CUSCO _cBIBLIOTECA MUNICIPAL DEL CUSCO |
||
| 082 |
_a327.85 / _bN21 |
||
| 100 |
_aNamihas, Sandra _99540 |
||
| 245 | _aEl Proceso de Conversaciones para la Solución del Diferendo Peruano- Ecuatoriano / | ||
| 260 |
_aLima : _bPontificia Universidad Catolica del Perú, _c2000. |
||
| 300 |
_a641 paginas ; _bIlustraciones, Mapas, Cuadros, _c24cm. |
||
| 505 | _aContenido- Antecedentes del proceso -- el proceso de conversaciones | ||
| 650 |
_aComercio y Navegación _99541 |
||
| 650 |
_aFrontera Terrestre _99542 |
||
| 650 |
_aLeyes _94808 |
||
| 650 |
_aPerú _935 |
||
| 942 |
_2ddc _cLIBROS |
||
| 945 | _apjha | ||